000
00349pab a2200157 454500
008
180718b1999 xxu||||| |||| 00| 0 eng d
100
_a
Lal, Deepak
245
_a
The ides of March
260
_c
1999
300
_a
p.7
362
_a
10 Jun
650
_a
Elections
650
_a
Electoral systems
773
_a
Business Standard
909
_a
42454
999
_c
42454
_d
42454